|
|
|
|
| LEADER |
00668nab a2200181 i 4500 |
| 001 |
publ20701 |
| 005 |
20210212083220.0 |
| 008 |
210212s2020 hu o 0|| zxx d |
| 022 |
|
|
|a 2063-2525
|
| 024 |
7 |
|
|a 31804472
|2 mtmt
|
| 040 |
|
|
|a SZTE Publicatio Repozitórium
|b hun
|
| 041 |
|
|
|a zxx
|
| 100 |
1 |
|
|a Pétervári Máté
|
| 245 |
1 |
2 |
|a A szolgabírák jogállása az 1870. évi XLII. tc. időszakában
|h [elektronikus dokumentum] /
|c Pétervári Máté
|
| 260 |
|
|
|c 2020
|
| 300 |
|
|
|a 81-97
|
| 490 |
0 |
|
|a FORUM: ACTA JURIDICA ET POLITICA
|v 10 No. 3
|
| 856 |
4 |
0 |
|u http://publicatio.bibl.u-szeged.hu/20701/1/Aszolgabirakjogallasaaz1870.eviXLII.tc.idoszakaban-P.M..pdf
|z Dokumentum-elérés
|